Grease The one that I want lyrics - Statistics

General Stats
  • This quiz has been taken 355 times
  • The average score is 152 of 191
Answer Stats
Hint Answer % Correct
Danny | Pre-Chorus 2 | Sandy | Verse 1 I
100%
the
99%
The
99%
Pre-Chorus 1 | Sandy You
99%
you
99%
a
97%
on
97%
your
97%
want
96%
one
95%
that
95%
and
94%
need
94%
Danny got
92%
man
92%
be
91%
I'm
91%
my
91%
you're
91%
Chorus | Chorus (x4) | End You're
91%
Danny | Sandy better
89%
cause
89%
control
89%
multiplying
89%
chills
88%
heart
88%
is
88%
losing
87%
electrifying!
86%
it's
86%
up
86%
Oh
85%
power
85%
set
84%
shape
82%
they're
82%
in
80%
me
80%
to
80%
supplying
78%
true
76%
do
75%
honey
75%
must
75%
yes
75%
Both Yes
75%
understand
70%
indeed
66%
Danny Are
62%
for
61%
feel
60%
who
60%
can
58%
Verse 2 If
56%
if
56%
keep
56%
ooh
55%
nothing
54%
satisfied
54%
shy
51%
direction
50%
left
50%
sure?
49%
sure
49%
too
49%
way
49%
prove
47%
deep
44%
inside
44%
gonna
43%
down
41%
meditate
37%
affection
36%
justified
35%
convey
30%
with
29%
faith
27%
filled
23%
No matching quizzes found
Score Distribution
Percent of People with Each Score
Percentile by Number Answered
Your Score History
You have not taken this quiz